000 01247cad a22002175a 4500
001 L157773
008 130510s201 xxk 000 0 eng d
035 _a(Sirsi) u157773
041 0 _aeng
110 2 _aDTZ
245 0 0 _aMoney into property Global 2013
_bLiquidity becomes next differentiator
_h[electronic resource]
260 _aLondon
_bDTZ
_c2013
490 0 _aDTZ Money into Property Global
_v2013
520 _aProvides a detailed review of year end 2012 investment stock and transaction volumes, an outlook for 2013 and beyond, and an assessment of opportunities in real estate markets worldwide. Global invested stock grew by 1% in 2012. Market sentiment is mixed with investors more optimistic than lenders. Global investment transactions increased by 4% in 2012 with cross-border investment activity back to 2005 levels. Market liquidity remains volatile. DTZ's fair value analysis suggests that the majority of the markets covered offer attractive returns for investors.
590 _aKA
651 4 _aInternational
690 _aCommercial property
_96227
690 _aInvestments
_96250
856 4 0 _uhttps://www.dtz.com/Global/Research?vgnLocale=en_GB
_zView the report after free registration at www.dtz.com
942 _n0
999 _c84456
_d84456